Errore e dolo nella giurisprudenza della rota romana

Guardat en:
Dades bibliogràfiques
Format: Llibre
Idioma:italià
Publicat: Ciudad del Vaticano Librería Editrice Vaticana 2001
Col·lecció:Studi Giuridici, LV
Matèries:
Etiquetes: Afegir etiqueta
Sense etiquetes, Sigues el primer a etiquetar aquest registre!

MARC

LEADER 00000nam a2200000 a 4500
001 UCI1865
003 CL-VaPUC
008 070720e20010000VC |||||||||||||||||ita|d
020 |a 8820971186 
082 0 4 |a 262.9  |b ERR  |2 21 
245 1 0 |a Errore e dolo nella giurisprudenza della rota romana 
300 |a 290 p 
942 |c BK 
945 |d 20070720 00:00:00  |a jtorresc 
260 |a Ciudad del Vaticano  |b Librería Editrice Vaticana  |c 2001 
500 |a Analli di Doctrina e Giurisprudenza Canonica 
650 7 |a DERECHO CANONICO  |2 CL-VaPUC  |9 522610 
650 7 |a ROTA ROMANA  |2 CL-VaPUC  |9 522611 
650 7 |a DOLO  |2 CL-VaPUC  |9 522612 
650 7 |a CODIGO DE DERECHO CANONICO  |2 CL-VaPUC  |9 403253 
583 |a last modification  |c 20070720 00:00:00  |k Rodrigo Vera 
490 0 |a Studi Giuridici, LV 
999 |c 326569  |d 326567 
952 |0 0  |1 0  |4 0  |6 262_900000000000000_ERR_2001  |7 0  |8 A  |9 408557  |a BIBDER  |b BIBDER  |d 2019-11-22  |i 4358759  |o 262.9 ERR 2001  |p 4358759  |r 2023-01-25  |w 2019-11-22  |y BK  |k DER